000 00287nam a22001337a 4500
008 170627b xxu||||| |||| 00| 0 eng d
020 _a101111834628
041 _aeng
080 _a32
100 _a21
101 _aSHP
245 _aCOMPARATIVE POLITICS
_cHAUSS.CH
942 _2udc
_cBK
999 _c19153
_d19153